00651cam a22001931 450000100060000000300080000600500170001400800390003103500190007003500180008904000450010704100080015208200150016010000330017524501000020826000520030830000240036050400730038423300BD-RjUL20211209000920.0140310r19591953enk b 001 0aeng a(BD-RjUL)23365 a(OCoLC)369108 aDLCcODaWUdOCoLCdUkdDLCdBD-RjULbeng aeng a928.2bWOW1 aWoolf, Virginia,d1882-1941.12aA writer's diary :bbeing extracts from the diary of Virginia Woolf /cedited by Leonard Woolf. aLondon :bHogarth Press,c1953 [reprinted 1959] ax, 372 p. ;c23 cm. a"Chronological bibliography of the books of Virginia Woolf": p. 367.